000 00486nam a2200193Ia 4500
005 20230613112546.0
008 131103s9999 xx 000 0 und d
040 _aLoreto College
041 _aEnglish
082 _a301
_bDIE
100 _aDietrich, Gabriele
245 _aCulture, religion and devlopment
_cGabriele Dietrich
260 _aIndia
_bSt. paul's press
_c1991
300 _a81p.
504 _aIncludes index
650 _aSociology
850 _aLCLIB
942 _cBK
999 _c24133
_d74612